000 00543nam a22001697a 4500
003 MACL
005 20160324132514.0
008 160324b xxu||||| |||| 00| 0 eng d
040 _cMACL
041 _aHindi
082 _a100
100 _aडॉ राधाकृष्‍णन
_948268
245 _aभारतीय दर्शन
_bवैदिक युग से बौद्ध काल तक
260 _aदिल्‍ली
_bराजपाल एण्‍ड संस
650 _aPhilosophy
_948269
942 _2ddc
_cHIN
999 _c53610
_d53610